| 000 | 00659 a2200181 4500 | ||
|---|---|---|---|
| 003 | Nust | ||
| 005 | 20170207153229.0 | ||
| 040 | _cNust | ||
| 082 | _a621.382 | ||
| 100 | _aAshraf, Robina (MSEE-8) | ||
| 245 |
_aNeural network vector quantization for image compression _cRobina Ashraf |
||
| 260 |
_aRawalpindi _bMCS, NUST _c2007 |
||
| 300 | _ax, 73, p.; | ||
| 505 | _aIntroduction (page-1) Image compression techniques (page-5) Vector quantization (page-31) Neural networks (page-42) Proposed NNVQ with experiments and results (page-58) Conclusion and future proSPposed (page-72). | ||
| 538 | _aAlmirah No 69 Shelf No 1 | ||
| 650 | _aMS Thesis | ||
| 651 | _aMSEE-8 | ||
| 942 | _cTHS | ||
| 999 |
_c181876 _d181876 |
||